| 000 | 01136cam a2200349 4500 | ||
|---|---|---|---|
| 008 | 010719n2001 000 0 eng u | ||
| 020 | _a1860814786 | ||
| 035 | _a(Sirsi) u113698 | ||
| 050 | _a614.76 | ||
| 100 | _aHurley, J. | ||
| 110 | _aBuilding Research Establishment | ||
| 245 | _aDeconstruction and reuse of construction materials. | ||
| 260 |
_aLondon _bCRC Ltd. _c2001 |
||
| 300 |
_avi,27p. _bill. _c30cm. |
||
| 350 | _a35.00 | ||
| 490 |
_aBR _v418 |
||
| 520 | _aConsiders the volume of waste produced as a result of construction and demolition and looks at the opportunities for, and attitudes to, the recycling and reuse of building products. | ||
| 650 | _aBUILT ENVIRONMENT-BUILDING MATERIALS | ||
| 650 | _aBUILT ENVIRONMENT-BUILDING MATERIALS | ||
| 650 | _aCONSTRUCTION WASTE | ||
| 650 | _aDEMOLITION | ||
| 650 | _aDEMOLITION WASTE | ||
| 650 | _aRECLAIMED BUILDING MATERIALS | ||
| 650 | _aRECYCLING | ||
| 650 | _aREUSE | ||
| 650 | _aWASTE MANAGEMENT | ||
| 690 | _aBUILT ENVIRONMENT-BUILDING MATERIALS | ||
| 700 | _aMcGrath, C. | ||
| 700 | _aFletcher, S. | ||
| 700 | _aBowes, H. | ||
| 942 | _n0 | ||
| 999 |
_c101546 _d101546 |
||